<?xml version="1.0" encoding="UTF-8"?>
<collection xmlns="http://www.loc.gov/MARC21/slim">
 <record>
  <leader>00839cam a2200217 7i4500</leader>
  <controlfield tag="001">0000099305</controlfield>
  <controlfield tag="005">20120807090000.0</controlfield>
  <controlfield tag="008">120807s2006    my                  may   </controlfield>
  <datafield tag="020" ind1="#" ind2="0">
   <subfield code="a">9836292705 </subfield>
  </datafield>
  <datafield tag="020" ind1="#" ind2="0">
   <subfield code="a">9789836292704 </subfield>
  </datafield>
  <datafield tag="090" ind1="0" ind2="0">
   <subfield code="a">PL 5149 </subfield>
   <subfield code="b">.N3 2006</subfield>
  </datafield>
  <datafield tag="245" ind1="0" ind2="0">
   <subfield code="a">Nasihat al-Muluk : </subfield>
   <subfield code="b">nasihat kepada raja-raja : karangan Imam Al-Ghazali  </subfield>
   <subfield code="c">penyelenggara Jelani Harun.</subfield>
  </datafield>
  <datafield tag="260" ind1="#" ind2="#">
   <subfield code="a">Kuala Lumpur: </subfield>
   <subfield code="b">Dewan Bahasa dan Pustaka, </subfield>
   <subfield code="c">2006.</subfield>
  </datafield>
  <datafield tag="300" ind1="#" ind2="#">
   <subfield code="a">xliii, 258 p.; </subfield>
   <subfield code="c">22 cm..</subfield>
  </datafield>
  <datafield tag="590" ind1="#" ind2="#">
   <subfield code="a">Fakulti Pembangunan Sosial, FPS</subfield>
  </datafield>
  <datafield tag="650" ind1="0" ind2="0">
   <subfield code="a">Malay literature -- </subfield>
   <subfield code="x">Translations from Arabic </subfield>
  </datafield>
  <datafield tag="650" ind1="0" ind2="0">
   <subfield code="a">Islam and state -- </subfield>
   <subfield code="x">Early works to 1800 </subfield>
  </datafield>
  <datafield tag="650" ind1="0" ind2="0">
   <subfield code="a">Education of princes -- </subfield>
   <subfield code="x">Early works to 1800 </subfield>
  </datafield>
  <datafield tag="650" ind1="0" ind2="0">
   <subfield code="a">Malay literature -- </subfield>
   <subfield code="x">History and criticism </subfield>
  </datafield>
  <datafield tag="700" ind1="0" ind2="1">
   <subfield code="a">Jelani Harun </subfield>
  </datafield>
  <datafield tag="999" ind1=" " ind2=" ">
   <subfield code="a">1100085792</subfield>
   <subfield code="b">Book</subfield>
   <subfield code="c">Open Shelf</subfield>
   <subfield code="e">KOLEKSI TERBUKA</subfield>
  </datafield>
 </record>
</collection>
